<?xml version="1.0" encoding="UTF-8"?>
<marc:record xmlns:marc="http://www.loc.gov/MARC21/slim">
   <marc:leader>00000nam a2200000 a 4500</marc:leader>
   <marc:datafield ind1="1" ind2=" " tag="100">
      <marc:subfield code="a">Carnegie, Dale</marc:subfield>
      <marc:subfield code="4">aut</marc:subfield>
      <marc:subfield code="e">Verfasser/-in</marc:subfield>
   </marc:datafield>
   <marc:datafield ind1=" " ind2=" " tag="653">
      <marc:subfield code="a">Angst</marc:subfield>
   </marc:datafield>
   <marc:datafield ind1=" " ind2=" " tag="653">
      <marc:subfield code="a">Gelassenheit</marc:subfield>
   </marc:datafield>
   <marc:datafield ind1=" " ind2=" " tag="653">
      <marc:subfield code="a">Gesundheit</marc:subfield>
   </marc:datafield>
   <marc:datafield ind1="0" ind2="0" tag="245">
      <marc:subfield code="a">Sorge dich nicht - lebe!</marc:subfield>
   </marc:datafield>
   <marc:datafield ind1="0" ind2="0" tag="245">
      <marc:subfield code="b">Die Kunst, zu einem von Ängsten und Aufregungen befreiten Leben zu finden</marc:subfield>
   </marc:datafield>
   <marc:datafield ind1="0" ind2="0" tag="245">
      <marc:subfield code="c">Carnegie, Dale</marc:subfield>
   </marc:datafield>
   <marc:datafield ind1=" " ind2="1" tag="264">
      <marc:subfield code="a">Frankfurt, M.</marc:subfield>
      <marc:subfield code="b">Fischer-Taschenbuch-Verl.</marc:subfield>
      <marc:subfield code="c">2011</marc:subfield>
   </marc:datafield>
   <marc:datafield ind1=" " ind2=" " tag="250">
      <marc:subfield code="a">Überarb. Ausg. nach der rev. amerikan. Fassung von 1984</marc:subfield>
   </marc:datafield>
   <marc:datafield ind1="1" ind2=" " tag="520">
      <marc:subfield code="a">In diesem Buch greift Dale Carnegie eines der wichtigsten Themen unserer Zeit auf - die alltäglichen Ängste und Sorgen, die uns an der Entfaltung unserer Möglichkeiten hindern und die es uns so schwer machen, einfach glücklich zu sein und den Tag mit Selbstvertrauen und Zuversicht zu beginnen. Die Grundsätze für ein unbesorgteres Leben, die Dale Carnegie hier aufstellt, sind anregend, für jeden Menschen nachvollziehbar und - sie lassen sich wirklich in die Praxis umsetzen.&#xD;
&#xD;
Diese Buch hilft Ihnen&#xD;
- sich das Sorgen abzugewöhnen, ehe es einen zugrunde richtet&#xD;
- zu einer Lebenseinstellung zu gelangen, die Frieden und Glück bringt&#xD;
- mit der Kritik anderer fertig zu werden&#xD;
- geistig und körperlich auf der Höhe zu bleiben&#xD;
- sich selbst zu finden&#xD;
- Trübsinn in wenigen Tagen zu heilen&#xD;
- an vielen Beispielen zu erkennen, was der Wille des Menschen vermag&#xD;
- das Leben positiv zu verändern</marc:subfield>
   </marc:datafield>
   <marc:datafield ind1=" " ind2=" " tag="020">
      <marc:subfield code="a">9783596190560</marc:subfield>
      <marc:subfield code="9">9783596190560</marc:subfield>
   </marc:datafield>
   <marc:datafield ind1=" " ind2=" " tag="020">
      <marc:subfield code="a">3596190568</marc:subfield>
      <marc:subfield code="9">3596190568</marc:subfield>
   </marc:datafield>
   <marc:datafield ind1=" " ind2=" " tag="041">
      <marc:subfield code="a">ger</marc:subfield>
   </marc:datafield>
   <marc:datafield ind1=" " ind2=" " tag="338">
      <marc:subfield code="a">Band</marc:subfield>
   </marc:datafield>
   <marc:datafield ind1=" " ind2=" " tag="300">
      <marc:subfield code="a">414 S.</marc:subfield>
   </marc:datafield>
</marc:record>
